000 01325 a2200253 4500
005 20180907135641.0
008 090305t xxu||||| |||| 00| 0 hin d
010 _aB-286579-586
020 _a9788190482288
_c300.00
035 _aB-317742
035 _aB-286579-586, B-286583
037 _bइंडिया डिजीटल पब्लिशर्स
040 _adpl
_bhn
082 _a
100 _aबाली, इन्दु
245 _aशिव-नेत्र तथा अन्य श्रेष्ठ कहानियाँ/
_cइन्दु बाली
260 _aनई दिल्ली
_bइंडिया डिजीटल पब्लिशर्स
_c2008
270 _aरेयर पोर्शन, डब्ल्यू-116, ग्रेटर कैलाश, पार्ट-1
_bनई दिल्ली
_cदिल्ली
_e110048
300 _a223पृ
_c22 सेमी (सजिल्द)
650 _aहिन्दी कहानियाँ
650 _aHindi Stories
942 _adpl
_cHN
_kक / बालीइ
_2ddc
_h
_mबालीइ
999 _c12297
_d12297